<?xml version="1.0" encoding="UTF-8"?>
<collection xmlns="http://www.loc.gov/MARC21/slim">
 <record>
  <leader>01484nam a2200217Ia 4500</leader>
  <controlfield tag="001">CTU_136122</controlfield>
  <controlfield tag="008">210402s9999    xx            000 0 und d</controlfield>
  <datafield tag="020" ind1=" " ind2=" ">
   <subfield code="c">37000</subfield>
  </datafield>
  <datafield tag="082" ind1=" " ind2=" ">
   <subfield code="a">658.812</subfield>
  </datafield>
  <datafield tag="082" ind1=" " ind2=" ">
   <subfield code="b">M149</subfield>
  </datafield>
  <datafield tag="100" ind1=" " ind2=" ">
   <subfield code="a">Mache, Chuch</subfield>
  </datafield>
  <datafield tag="245" ind1=" " ind2="0">
   <subfield code="a">4 phong cách bán hàng :</subfield>
  </datafield>
  <datafield tag="245" ind1=" " ind2="0">
   <subfield code="b">Vì sao họ thành công và làm thế nào để thành công như họ = The four kinds of salespeople : How and why they excel and how you can too</subfield>
  </datafield>
  <datafield tag="245" ind1=" " ind2="0">
   <subfield code="c">Chuch Mache; Nguyễn Thu &amp; Hà Thu dịch</subfield>
  </datafield>
  <datafield tag="260" ind1=" " ind2=" ">
   <subfield code="a">Hà Nội</subfield>
  </datafield>
  <datafield tag="260" ind1=" " ind2=" ">
   <subfield code="b">Tri Thức</subfield>
  </datafield>
  <datafield tag="260" ind1=" " ind2=" ">
   <subfield code="c">2008</subfield>
  </datafield>
  <datafield tag="520" ind1=" " ind2=" ">
   <subfield code="a">4 phong cách bán hàng là những câu chuyện rất thú vị về chính những người bán hàng, nhờ đó bạn sẽ khám phá mình thuộc phong cách bán hàng nào : Những người bán hàng thực thụ và những người bán hàng xuất sắc; những người mắc kẹt với công việc bởi chính tính cách của họ và những người không có sự lựa chọn đúng đắn. Trong đó, tác giả giải thích những điểm mạnh và điểm yếu của mỗi phong cách và chỉ ra họ cần gì để có thể đạt được thành công hơn nữa.</subfield>
  </datafield>
  <datafield tag="650" ind1=" " ind2=" ">
   <subfield code="a">Dịch vụ khách hàng,Custom services</subfield>
  </datafield>
  <datafield tag="904" ind1=" " ind2=" ">
   <subfield code="i">Trọng Hiếu</subfield>
  </datafield>
  <datafield tag="980" ind1=" " ind2=" ">
   <subfield code="a">Trung tâm Học liệu Trường Đại học Cần Thơ</subfield>
  </datafield>
 </record>
</collection>
